01921cam a22003495a 4500003000900000005001700009008004100026020001500067020001800082035002300100040004300123082002400166100003600190245010700226264002900333300004500362336002600407337002800433338002700461504005100488520050500539650006501044650006501109650007401174651001001248653002501258655002401283856009101307942001501398999001501413952014301428EG-ScBUE20220418105842.0180828s2003 enka f b 001 0 eng d a0340808861 a9780340808863 a(OCoLC)ocm50877016 aEG-ScBUEbengerdacEG-ScBUEdEG-ScBUE04a420.710941bBAR2221 aBarry, Peter, eauthor.10aEnglish in practice :bin pursuit of English studies /cPeter Barry, University of Wales, Aberystwyth. 1aLondon :bArnold,c2003. axiv, 213 pages :billustrations ;c22 cm 2rdacontentatextbtxt 2rdamediaaunmediatedbn 2rdacarrieravolumebnc aIncludes bibliographical references and index. a"What is English? Peter Barry's book examines the practice of studying English, and the theory underlying that practice. He indicates how almost everything but the name of the discipline has changed during its short lifetime. He explores the core activities involved in "doing" English today, and looks well beyond the close reading of texts. He guides the reader through some of the most contested issues in the subject and surveys areas that have newly come under the banner of "English.""--Jacket. 7aEnglish philologyxStudy and teachingzGreat Britain.2BUEsh 7aEnglish philologyxStudy and teachingzUnited States.2BUEsh 7aEnglish literaturexHistory and criticismxTheory, etc.2BUEsh939793 2BUEsh bHHUUEENNcAugust2018 vReading book934232423Publisher descriptionuhttp://www.loc.gov/catdir/enhancements/fy0615/2003277794-d.html k 2ddccBB c9408d9408 00102ddc40708AlahramaMAINbMAINc2NDd2008-05-08ePurchaseg153.90l2o420.710941 BARp000011300r2025-07-15 00:00:00s2011-11-02yBB